00219nam a22000977a 4500082001700000100001800017245002800035260004100063300000800104650000900112 a294.543 RAM5 aRamdas, Swami aSwami Ramdas on Himself aKanhangad, KeralabAnandashramc1994 a167 aYoga